|
|
|
|
| LEADER |
03688nam a22004815i 4500 |
| 001 |
978-94-024-0951-2 |
| 003 |
DE-He213 |
| 005 |
20170621175903.0 |
| 007 |
cr nn 008mamaa |
| 008 |
170621s2017 ne | s |||| 0|eng d |
| 020 |
|
|
|a 9789402409512
|9 978-94-024-0951-2
|
| 024 |
7 |
|
|a 10.1007/978-94-024-0951-2
|2 doi
|
| 040 |
|
|
|d GrThAP
|
| 050 |
|
4 |
|a RC261-271
|
| 072 |
|
7 |
|a MJCL
|2 bicssc
|
| 072 |
|
7 |
|a MED062000
|2 bisacsh
|
| 082 |
0 |
4 |
|a 614.5999
|2 23
|
| 245 |
1 |
0 |
|a Gastric Cancer Prewarning and Early Diagnosis System
|h [electronic resource] /
|c edited by Daxiang Cui.
|
| 264 |
|
1 |
|a Dordrecht :
|b Springer Netherlands :
|b Imprint: Springer,
|c 2017.
|
| 300 |
|
|
|a VIII, 355 p. 174 illus., 144 illus. in color.
|b online resource.
|
| 336 |
|
|
|a text
|b txt
|2 rdacontent
|
| 337 |
|
|
|a computer
|b c
|2 rdamedia
|
| 338 |
|
|
|a online resource
|b cr
|2 rdacarrier
|
| 347 |
|
|
|a text file
|b PDF
|2 rda
|
| 490 |
1 |
|
|a Translational Medicine Research,
|x 2451-991X
|
| 505 |
0 |
|
|a Background of Gastric Cancer Prewarning and Early Diagnosis System -- Human Serum Protein Markers for Gastric Cancer Detection -- Screening and Detection of Gastric Cancer Circulating microRNA biomarkers -- Screening and Identification of Biomarkers from Gastric Cancer Saliva Metabolites -- Metabolic Profiles and High-accuracy Diagnosis Model Based on Plasma Metabolomics of Gastric Cancer Patients -- Identification of Volatile Organic Compound Biomarkers associated with Gastric Cancer Cells and Their Ultrasensitive Electrochemical Detection -- A Breath Analysis Based on SERS Sensor to Distinguish Patients with Early and Advanced Stages of Gastric Cancer from Healthy People -- The application of immune chromatography analysis in early detection of gastric cancer -- Applications of Magnetic Nanoparticles Based High-Throughput Single Nucleotides Polymorphisms Genotyping Platforms in Gastric Cancer Research -- Single Cell Manipulation Technology for Cancer Research -- Multifunctional nanoprobes for theranostics of gastric cancer -- Up-Conversion Nanoparticles for Gastric Cancer Targeted Imaging and Therapy -- Stem Cells and Gastric Cancer -- Safety assessment of nanoprobes -- Gastric Cancer prewarning database and bioinformatics analysis.
|
| 520 |
|
|
|a The book explores recent developments in the application of nanotechnology in the early detection of gastric cancer. It discusses various aspects, such as screening for gastric cancer-associated biomarkers; establishing new ultrasensitive detection methods based on nanoparticle labeling and nanoeffects; developing a new generation of nanodevices for high-throughput examination of serum and breath biomarkers; developing multifunctional nanoprobes for targeted imaging and simultaneous therapy of gastric cancer; evaluating the biosafety of multifunctional nanoprobes; and the establishment of a pre-warning and early diagnosis system. It also presents clinical applications and prospects. The book provides a valuable reference for researchers in nanomedicine and clinicians involved in gastric cancer and radiology.
|
| 650 |
|
0 |
|a Medicine.
|
| 650 |
|
0 |
|a Cancer research.
|
| 650 |
|
0 |
|a Radiology.
|
| 650 |
|
0 |
|a Biology
|x Technique.
|
| 650 |
1 |
4 |
|a Biomedicine.
|
| 650 |
2 |
4 |
|a Cancer Research.
|
| 650 |
2 |
4 |
|a Biological Techniques.
|
| 650 |
2 |
4 |
|a Diagnostic Radiology.
|
| 700 |
1 |
|
|a Cui, Daxiang.
|e editor.
|
| 710 |
2 |
|
|a SpringerLink (Online service)
|
| 773 |
0 |
|
|t Springer eBooks
|
| 776 |
0 |
8 |
|i Printed edition:
|z 9789402409499
|
| 830 |
|
0 |
|a Translational Medicine Research,
|x 2451-991X
|
| 856 |
4 |
0 |
|u http://dx.doi.org/10.1007/978-94-024-0951-2
|z Full Text via HEAL-Link
|
| 912 |
|
|
|a ZDB-2-SBL
|
| 950 |
|
|
|a Biomedical and Life Sciences (Springer-11642)
|